01014nam a2200229 a 4500001001000000003000500010005001700015008004100032010001100073011001100084040000900095100003900104245024800143260004100391500006000432502010400492650001600596650004400612650002800656650003000684856007000714000115597CHAP20220329144541.0190612s2015 mx a sm |||||||spa d a112058 a113030 cCHAP1 aRodríguez Flores, Lizeth Nayeli.13aLa salud reproductiva y el desarrollo rural:h[En línea]bhacia un modelo de salud incluyente. Estudio de caso sobre la capacidad de agencia de las parteras comunitarias de Atoyac de Alvarez, Guerrero /cpor Lizeth Nayeli Rodríguez Flores. aChapingo, Méx. :bEl autor,c2015. aPara ver el contenido del material haga clic en la liga aTesis (M.C. en Desarrollo Rural Regional) -- UACH. Dirección de Centros Regionales Universitarios14aComadronas.14aMujer en comunidades ruralesxGuerrero.14aMujeres como médicos.14aMujeresxSalud e higiene. aFinding aiduhttp://10.13.5.2/tesis/sist115597.pdfzTeclea aquí